Plano general de la Ciudad de México 1861. (Record no. 4175)

MARC details
000 -CABECERA
campo de control de longitud fija 00834nam a2200241 a 4500
001 - NÚMERO DE CONTROL
campo de control BRCA_4469
005 - FECHA Y HORA DE LA ÚLTIMA TRANSACCIÓN
campo de control 20190320204700.0
008 - DATOS DE LONGITUD FIJA--INFORMACIÓN GENERAL
campo de control de longitud fija 080910s1861----mx-#######---#000-0#spa-#
041 ## - CÓDIGO DE LENGUA
Código de lengua del texto/banda sonora o título independiente spa
044 ## - CÓDIGO DEL PAÍS DE LA ENTIDAD EDITORA/PRODUCTORA
Código MARC del país mx
050 #4 - SIGNATURA TOPOGRÁFICA DE LA BIBLIOTECA DEL CONGRESO
Número de clasificación G1549.M4
Número de documento/Ítem .P53 1861
245 10 - MENCIÓN DE TÍTULO
Título Plano general de la Ciudad de México 1861.
Medio material cartográfico
260 ## - PUBLICACIÓN, DISTRIBUCIÓN, ETC.
Lugar de publicación, distribución, etc. México
Nombre del editor, distribuidor, etc. Decaen
Fecha de publicación, distribución, etc. 1861
300 ## - DESCRIPCIÓN FÍSICA
Extensión 2 mapas sobre un pliego
Otras características físicas il. a color
Dimensiones 85 x 64 cm., pleg. 16 x 12 cm.
500 ## - NOTA GENERAL
Nota general Escala de 1000 varas castellanas
500 ## - NOTA GENERAL
Nota general En el anverso: Distrito de México. -- Demarcación de manzanas que comprenden los 9 cuarteles mayores y los 33 menores
500 ## - NOTA GENERAL
Nota general Mapa inventariado por Banco de México como libro
500 ## - NOTA GENERAL
Nota general CC2
650 14 - PUNTO DE ACCESO ADICIONAL DE MATERIA--TÉRMINO DE MATERIA
Término de materia o nombre geográfico como elemento de entrada Mapas
Subdivisión cronológica 1861
Subdivisión geográfica México
9 (RLIN) 11329
651 #4 - PUNTO DE ACCESO ADICIONAL DE MATERIA--NOMBRE GEOGRÁFICO
Nombre geográfico México
Subdivisión de forma Mapas
9 (RLIN) 4774
902 ## - CATALOGADOR
Iniciales GFM
942 ## - ELEMENTOS DE PUNTO DE ACCESO ADICIONAL (KOHA)
Fuente del sistema de clasificación o colocación Library of Congress Classification
Tipo de ítem Koha Libros
Holdings
Estado de retiro Estado de pérdida Estado dañado No para préstamo Localización permanente Ubicación/localización actual Fecha de adquisición Número de inventario Total de préstamos Signatura topográfica completa Código de barras Fecha visto por última vez Precio válido a partir de Tipo de ítem Koha
El ejemplar forma parte de la colección y puede ser consultado según las políticas vigentes.       Biblioteca del Museo Franz Mayer (Rogerio Casas-Alatriste) Biblioteca del Museo Franz Mayer (Rogerio Casas-Alatriste) 08/09/2010 CC2   G1549.M4 .P53 1861 (CC2) 4466 22/03/2019 22/03/2019 Libros